La efectividad de las políticas públicas en Colombia. Un análisis neoconstitucional

Guardado en:
Detalles Bibliográficos
Autor principal: Wiesner Durán, Eduardo (Autor)
Formato: Libro
Lenguaje:español
Publicado: Bogotá TM Editores 1997
Edición:1a. ed
Materias:
Etiquetas: Agregar Etiqueta
Sin Etiquetas, Sea el primero en etiquetar este registro!

MARC

LEADER 00000nam a2200000 a 4500
001 UCG5647
003 CL-VaPUC
008 110310e19970000CK |||||||||||||||||spa|d
020 |a 9586017419 
082 0 4 |a 320.6  |b WIE  |2 21 
100 0 |a Wiesner Durán, Eduardo  |e author  |9 555357 
245 1 3 |a La efectividad de las políticas públicas en Colombia. Un análisis neoconstitucional 
250 |a 1a. ed 
300 |a 308 p 
942 |c BK 
945 |d 20110310 00:00:00  |a jcampos 
260 |a Bogotá  |b TM Editores  |c 1997 
650 0 |a Políticas públicas  |9 309677 
650 0 |a Política  |9 255312 
650 0 |a Economía   |9 255568 
650 0 |a Política ambiental  |9 262970 
583 |a last modification  |c 20110310 00:00:00  |k Rodrigo Vera 
999 |c 344050  |d 344048